| 000 | 00000nam 2200000za 4500 |
| 001 | 9.574559 |
| 003 | CaOODSP |
| 005 | 20250731144852 |
| 007 | cr ||||||||||| |
| 008 | 150406|1995||||xxc|||||o f|0| 0 eng d |
| 022 | |a1205-9153 |
| 040 | |aCaOODSP|beng |
| 043 | |an-cn--- |
| 086 | 1 |aCS11-0019/74E-PDF |
| 100 | 1 |aBaldwin, John R. |q(John Russel) |
| 245 | 00|aHuman capital development and innovation : |h[electronic resource]|bthe case of training in small and medium sized-firms / |cby John R. Baldwin and Joanne Johnson. |
| 260 | |aOttawa - Ontario : |bStatistics Canada |cMarch 1995. |
| 300 | |a40p.|bgraphs, references, tables |
| 490 | 1 |aAnalytical Studies Branch research paper series|x1205-9153|vNo. 74 |
| 500 | |aThe catalogue number (11F0019MPE) and ISBN (0-662-21725-X) for the print edition have been incorrectly copied in this electronic publication. |
| 520 | 3 |aThis study examines the characteristics of small and medium-sized firms that perform training. It uses data taken from a recent Statistics Canada survey that permit firms' training decisions to be analyzed within the broader context of their many activities and strategies.--Abstract |
| 590 | |a12-34-Supp|b2012-07-31 |
| 690 | 07|aTraining|2gcpds |
| 710 | 2 |aStatistics Canada. |
| 775 | 08|tDéveloppement du capital humain et innovation : |w(CaOODSP)9.604301 |
| 776 | 0#|tHuman capital development and innovation : |w(CaOODSP)9.612512 |
| 830 | #0|aResearch paper series (Statistics Canada. Analytical Studies Branch)|x1205-9153|vNo. 74|w(CaOODSP)9.504421 |
| 856 | 40|ahttp://publications.gc.ca|qPDF|s161 KB|uhttps://publications.gc.ca/collections/Collection/CS11-0019-74E.pdf|yNo. 74 |